| 000 | 01836cam a22004937a 4500 | ||
|---|---|---|---|
| 001 | 8580105 | ||
| 003 | OSt | ||
| 005 | 20211122095858.0 | ||
| 006 | m d | ||
| 007 | cr n | ||
| 008 | 091217s2010 gw a sb 001 0 eng d | ||
| 015 |
_a10,N03 _2dnb |
||
| 016 | 7 |
_a999263455 _2DE-101 |
|
| 016 | 7 |
_a015703214 _2Uk |
|
| 020 | _a9783642116919 (hdbk. : acidfree paper) | ||
| 035 | _a(WaSeSS)ssj0000429245 | ||
| 038 | _aKhadija | ||
| 040 |
_aBTCTA _beng _cBTCTA _dYDXCP _dEMU _dGWDNB _dOHX _dCDX _dVRC _dOCLCQ _dUKMGB _dOCLCQ _dDLC _dWaSeSS |
||
| 042 | _alccopycat | ||
| 050 | 4 |
_aTJ211.37 _b.S96 2010 |
|
| 050 | 4 | _aTJ211.37.S96 2010 | |
| 082 | 0 | 4 |
_a629.892 _222/ger _bSYM |
| 210 | 1 | 0 | _aSymbiotic multi-robot organisms |
| 245 | 0 | 0 |
_aSymbiotic multi-robot organisms : _breliability, adaptability, evolution / _cPaul Levi and Serge Kernbach, (eds.). |
| 260 |
_aBerlin : _bSpringer, _c2010. |
||
| 490 | 1 |
_aCognitive systems monographs, _x1867-4925 ; _vv. 7 |
|
| 504 | _aIncludes bibliographical references (p. [437]-466) and index. | ||
| 506 | _aLicense restrictions may limit access. | ||
| 563 | _aHB | ||
| 650 | 0 |
_aEvolutionary robotics. _984824 |
|
| 650 | 0 | 7 |
_aMehrrobotersystem. _2swd _984825 |
| 650 | 0 | 7 |
_aSchwarmintelligenz. _2swd _984826 |
| 650 | 0 | 7 |
_aKünstliches Leben. _2swd _984827 |
| 650 | 0 | 7 |
_aKünstliche Evolution. _2swd _984828 |
| 650 | 0 | 7 |
_aAdaptivregelung. _2swd _984829 |
| 650 | 0 | 7 |
_aEmbodiment. _2swd _984830 |
| 700 | 1 |
_aLevi, Paul. _984831 |
|
| 700 | 1 |
_aKernbach, Serge. _984832 |
|
| 773 | 0 | _tSpringerLink ebooks - Engineering (2010) | |
| 830 | 0 |
_aCognitive systems monographs ; _vv. 7. _984833 |
|
| 856 | 4 | 0 |
_uhttp://www.columbia.edu/cgi-bin/cul/resolve?clio8580105 _zFull text available from SpringerLink ebooks - Engineering (2010) |
| 910 | _aLibrary of Congress record | ||
| 942 |
_2ddc _cBK |
||
| 999 |
_c32938 _d32938 |
||